000 01331cam a22003737a 4500
003 CHAP
005 20220329134532.0
008 971013s1994 r 00010 d
010 _a21779
011 _a22751
035 _a26846
040 _cCHAP
090 _aTesis
100 0 0 _aOrta Guevara, Fernando.
_983756
245 0 _aFactibilidad de utilizar la variedad tropical adaptada de sorgo (Sorghum bicolor L. Moench) UANL-I-187 en elaboración de tostadas
260 _aMarín, N. L. :
_bEl autor,
_c1994
300 _a41 h.
502 _aTesis (Ing. en Industrias Alimentarias) -- Universidad Autónoma de Nuevo León. Facultad de Agronomía
590 _aALEPH
_b10
_c20130110
_lUCH01
_h1246
590 _aBATCH-UPD
_b10
_c20130110
_lUCH01
_h1730
590 _aBATCH-UPD
_b10
_c20130410
_lUCH01
_h1111
590 _aBATCH-UPD
_b10
_c20130914
_lUCH01
_h0126
590 _aCONVERSION
_b10
_c20130109
_lUCH01
_h1313
650 1 4 _aAlimentos
_xPropiedades organolepticas.
_94270
650 1 4 _aMaíz
_xProcesado.
_971040
650 1 4 _aMaíz
_xSelección masal.
_971058
650 1 4 _aSorgo
_xProcesado.
_9108708
650 1 4 _aSorgo
_xSelección masal.
_9108719
650 1 4 _aSorgo
_xTrópicos.
_9108729
650 1 4 _aSorgo
_xVariedades.
_9108734
901 _aBK
942 _cTESIS
949 _bBC
_cTES
_d-61982
_eTS1
_h30343
_i26846
_si
999 _c21779
_d21779